Countries with Five Letters - World Map Sudden Death - Statistics

General Stats
  • This quiz has been taken 437 times
    148 since last reset
  • The average score is 10 of 17
Answers on the Grid
Answers color-coded by a green-red scale on the quiz's grid according to % correct below.
 
Answer Stats
Answer % Correct
Italy, Malta, Spain, Libya, Egypt
85%
India, Nepal, China
80%
Japan, China
80%
Sudan, Gabon, Ghana, Niger, Benin, Libya
76%
Sudan, Kenya, India, Yemen
75%
India, China
75%
Chile
70%
Syria, Egypt, Qatar
70%
Haiti
64%
Chile
62%
China, Palau
62%
Tonga, Samoa
60%
Nauru
42%
China
38%
Gabon
31%
Kenya
31%
Spain
10%
No matching quizzes found
Score Distribution
Percent of People with Each Score
Percentile by Number Answered
Your Score History
You have not taken this quiz since the last reset